| 000 | 00449nam a2200157 i 4500 | ||
|---|---|---|---|
| 001 | 84224 | ||
| 003 | ES-MaACL | ||
| 005 | 20230906174955.0 | ||
| 007 | t| | ||
| 008 | 041122s1965 sp ||||1| spa d | ||
| 100 | 0 |
_aJeanne d'Arc _c(O.P.) _966246 |
|
| 245 | 1 | 4 |
_aLas religiosas en la Iglesia y en el mundo actual / _cSor Jeanne d'Arc. |
| 260 |
_aBarcelona : _bEstela, _c1965. |
||
| 300 |
_a350 p. ; _c20 cm. |
||
| 852 |
_aES-MaACL _jC--29117 _bR.59612 |
||
| 999 |
_c84224 _d84224 |
||